| 000 | 00760cam a2200229 a 4500 | ||
|---|---|---|---|
| 020 | _a9789251065488 | ||
| 020 | _a9251065489 | ||
| 040 | _cAGL | ||
| 082 | _a628 FOO 2010 A083 Or. | ||
| 100 | 1 | _aDyck, Victor Arnold, | |
| 245 | 1 | 0 | _aRearing codling moth for the sterile insect technique / |
| 260 |
_aRome : _bFood and Agriculture Organization of the United Nations, _c2010. |
||
| 300 |
_aix, 197, [1] p. : _bill. (some col.) |
||
| 490 | 1 | _aFAO plant production and protection paper, | |
| 650 | 0 | _aInsect sterilization. | |
| 650 | 0 | _aInsect pests | |
| 650 | 0 | _aInsect pests | |
| 650 | 0 | _aCodling moth. | |
| 710 | 2 | _aFood and Agriculture Organization of the United Nations. | |
| 856 | 4 | 1 | _uhttp://www.fao.org/docrep/013/i1537e/i1537e.pdf |
| 942 | _cEK | ||
| 999 |
_c16039 _d16039 |
||